000 00483nam a2200193 a 4500
001 5835
003 CO-ViMGA
008 141112s2004 ck r 000 u spa d
040 _aCO-ViMGA
_bspa
_cCO-ViMGA
082 0 4 _a923.5 R655k
100 1 _aKoch, Lutz
_94378
245 1 0 _aEl Mariscal Rommel
250 _a5a
260 _aBarcelona :
_bJuventud,
_c1984
300 _a271 p : il
490 _aGrandes biografĂ­as
650 1 4 _aROMMEL, ERICH 1891 - 1944
_94379
942 _2ddc
_cBK
999 _c17813
_d17813